Vybrané state z pružnosti
Uložené v:
| Hlavný autor: | |
|---|---|
| Médium: | Kniha |
| Jazyk: | Slovak |
| Vydavateľské údaje: |
Bratislava :
SVŠT v Bratislave,
1984
|
| Predmet: | |
| Tagy: |
Žiadne tagy, Buďte prvý, kto otaguje tento záznam!
|
MARC
| LEADER | 00000nam a22000003a 4500 | ||
|---|---|---|---|
| 001 | stu87147 | ||
| 005 | 20150617225629.2 | ||
| 008 | 040524s1984----cs------------------slo-d | ||
| 040 | |a STU |b slo | ||
| 041 | 0 | |a slo | |
| 044 | |a cs | ||
| 080 | |a 539.3 | ||
| 100 | 1 | |a Jelemenský, Jozef, |d 1938- |4 aut |u M200 |U MTF Ústav výrobných systémov a aplikovanej mechaniky |T MTF Katedra aplikovanej mechaniky |X 4396 |U M200 |Y M200 |7 A000004396 | |
| 245 | 1 | |a Vybrané state z pružnosti | |
| 260 | |a Bratislava : |b SVŠT v Bratislave, |c 1984 | ||
| 300 | |a 164 s | ||
| 650 | 7 | |a pružnosť a pevnosť |2 stusub | |
| 996 | |b 284J026934 |c J*73234 |l JJST |s P |a 0 |w stu87147_0001 | ||
| 996 | |b 284J021160 |c J*73235 |l JJSK |s A |a 24 |w stu87147_0002 | ||